| 000 | 01180nam a2200313 i 4500 | ||
|---|---|---|---|
| 003 | DO-SdBNP | ||
| 005 | 20250604154620.0 | ||
| 007 | ta | ||
| 008 | 250604b2023 dr b|||| |||| 00| 0 spa d | ||
| 020 | _a9789945250947 | ||
| 040 |
_aDO-SdBNP _bspa _cBNPHU _erda |
||
| 041 | _aspa | ||
| 082 | 4 |
_axxx _bS61d _222 |
|
| 100 |
_aSintes, Luis Alejandre, _eautor _4aut. _987554 |
||
| 245 | 0 | 0 |
_aDominicana : _bla anexión frustrada ( 1861-1865) / _cLuis Alejandre Sintes ; prólogo, Emilio de Diego ; corrección, Willian Capel |
| 264 | 4 |
_aSanto Domingo : _bArchivo General de la Nación, _c©2022. |
|
| 300 |
_a305 páginas : _bmapas ; _c26 cm. |
||
| 336 |
_atexto _btxt _2rdacontent |
||
| 337 |
_asin mediación _bn _2rdamedia |
||
| 338 |
_avolumen _bnc _2rdacarrier |
||
| 490 |
_aArchivo General de la Nación _v495 |
||
| 500 | _aIncluye datos biográficos del autor en las solapas | ||
| 500 | _aIncluye referencias bibliográficas, notas al pie de las páginas e índice onomástico | ||
| 590 | _aInventariado, 2025/BT | ||
| 700 | 1 |
_aDiego, Emilio de, _eprologuista _4pr. _987984 |
|
| 700 | 1 |
_aCapellán, Willian, _ecorrector _4corr. _987985 |
|
| 910 | _aBtavárez | ||
| 942 |
_2ddc _cLBS1 |
||
| 999 |
_c58835 _d58835 |
||